Pearson Project Management Absolute Beginners Guide 5/e

Saved in:
Bibliografiske detaljer
Hovedforfatter: Horine
Format: Bog
Udgivet: Pearson
Tags: Tilføj Tag
Ingen Tags, Vær først til at tagge denne postø!

MARC

LEADER 00000nam a2200000Ia 4500
005 20260513122050.0
020 |a 9788119847037 
100 |a Horine 
365 |c Rs. 
365 |b 25.00 
942 |c BK 
245 |a Pearson Project Management Absolute Beginners Guide 5/e 
260 |b Pearson 
999 |c 40  |d 40 
952 |0 0  |1 0  |4 0  |7 0  |a UNSW  |b UNSW  |d 2026-05-06  |g 895.00  |i 16683  |l 0  |p 000069  |r 2026-05-13 12:20:50  |v 895.00  |w 2026-05-13  |y BK 
952 |0 0  |1 0  |4 0  |7 0  |a UNSW  |b UNSW  |d 2026-05-06  |g 895.00  |i 16687  |l 0  |p 000104  |r 2026-05-13 12:20:50  |v 895.00  |w 2026-05-13  |y BK